Món ngon từ rau cải

محفوظ في:
التفاصيل البيبلوغرافية
المؤلف الرئيسي:  Nguyễn Kim Phước
التنسيق: Sách
اللغة:Undetermined
منشور في:  Tổng hợp Tp. Hồ Chí Minh  2008
الموضوعات:
الوسوم: إضافة وسم
لا توجد وسوم, كن أول من يضع وسما على هذه التسجيلة!
Thư viện lưu trữ: Trung tâm Thư viện - Trường Đại học Công nghiệp TP. Hồ Chí Minh
LEADER 00515nam a2200157Ia 4500
001 UIH_06678
008 231011s9999 xx 000 0 und d
082 |a  641.35 
100 |a  Nguyễn Kim Phước 
245 0 |a  Món ngon từ rau cải 
245 0 |c  Nguyễn Kim Phước 
260 |b  Tổng hợp Tp. Hồ Chí Minh 
260 |c  2008 
650 |a  Thực phẩm;  
927 |a Sách 
980 |a Trung tâm Thư viện - Trường Đại học Công nghiệp TP. Hồ Chí Minh